000 00360nam a22001097a 4500
040 _cSK
082 _a895
100 _aឃីង ហុកឌី
245 _aទិដ្ឋភាពទូទៅនៃអក្សរសាស្ត្រខ្មែរ
260 _aរោងពុម្ពខ្មែរ​(AIK)
_bឃីង ហុកឌី
_c2003
942 _cKB
999 _c8409
_d8409